Pacífico en llamas : (Registro nro. 6238)
[ vista simple ]
| 000 -LEADER | |
|---|---|
| fixed length control field | 01391nam a2200289Ia 4500 |
| 003 - CONTROL NUMBER IDENTIFIER | |
| control field | OSt |
| 005 - DATE AND TIME OF LATEST TRANSACTION | |
| control field | 20200924003157.0 |
| 008 - FIXED-LENGTH DATA ELEMENTS--GENERAL INFORMATION | |
| fixed length control field | 191128s2006 ck adb gr 000 0dspa d |
| 020 ## - INTERNATIONAL STANDARD BOOK NUMBER | |
| International Standard Book Number | 958947957X |
| 040 ## - CATALOGING SOURCE | |
| Original cataloging agency | CO-JMCR |
| Transcribing agency | CO-JMCR |
| 041 0# - LANGUAGE CODE | |
| Language code of text/sound track or separate title | spa |
| 082 04 - DEWEY DECIMAL CLASSIFICATION NUMBER | |
| Classification number | 918.6162 / |
| Item number | M177p |
| Edition number | 23 |
| 100 1# - MAIN ENTRY--PERSONAL NAME | |
| Personal name | Martínez Betancourt, Jesús, |
| Relator term | autor |
| 9 (RLIN) | 10750 |
| 245 10 - TITLE STATEMENT | |
| Title | Pacífico en llamas : |
| Remainder of title | realidad socioeconómica de la costa nariñense / |
| Statement of responsibility, etc. | Jesús Martínez Betancourt ; revisión general, Jairo Puentes Palencia |
| 250 ## - EDITION STATEMENT | |
| Edition statement | Primera edición |
| 260 ## - PUBLICATION, DISTRIBUTION, ETC. | |
| Place of publication, distribution, etc. | San Juan de Pasto : |
| Name of publisher, distributor, etc. | Universidad de Nariño, |
| Date of publication, distribution, etc. | 2006 |
| 300 ## - PHYSICAL DESCRIPTION | |
| Extent | 380 páginas : |
| Other physical details | ilustraciones, gráficos y mapas a blanco y negro ; |
| Dimensions | 25 cm. |
| 490 0# - SERIES STATEMENT | |
| Series statement | Pensamiento Latinoamericano ; |
| Volume/sequential designation | 6 |
| 500 ## - GENERAL NOTE | |
| General note | Incluye datos biográficos del autor en solapa. |
| 504 ## - BIBLIOGRAPHY, ETC. NOTE | |
| Bibliography, etc. note | Bibliografía al final de cada capítulo. |
| 505 0# - FORMATTED CONTENTS NOTE | |
| Formatted contents note | Teorías del desarrollo, herramientas para entender nuestro mestizaje como identidad -- Crisis de las teorías del desarrollo capitalista : pobreza y deterioro del medio ambiente, angustias globalizadas -- Pacífico mundial, un potencial para aprovechar |
| 650 14 - SUBJECT ADDED ENTRY--TOPICAL TERM | |
| Topical term or geographic name entry element | Violencia |
| Geographic subdivision | Nariño (Colombia) |
| 9 (RLIN) | 10751 |
| 650 14 - SUBJECT ADDED ENTRY--TOPICAL TERM | |
| Topical term or geographic name entry element | Pobreza |
| Geographic subdivision | Nariño (Colombia) |
| 9 (RLIN) | 10752 |
| 651 #4 - SUBJECT ADDED ENTRY--GEOGRAPHIC NAME | |
| Geographic name | Nariño (Colombia) |
| General subdivision | condiciones socioeconómicas |
| 9 (RLIN) | 10753 |
| 700 1# - ADDED ENTRY--PERSONAL NAME | |
| Personal name | Puentes Palencia, Jairo, |
| Relator term | revisor |
| 9 (RLIN) | 10754 |
| 942 ## - ADDED ENTRY ELEMENTS (KOHA) | |
| Source of classification or shelving scheme | Dewey Decimal Classification |
| Koha item type | Books |
| Withdrawn status | Lost status | Source of classification or shelving scheme | Damaged status | Not for loan | Collection code | Home library | Current library | Date acquired | Source of acquisition | Full call number | Barcode | Date last seen | Copy number | Koha item type |
|---|---|---|---|---|---|---|---|---|---|---|---|---|---|---|
| Dewey Decimal Classification | Non-fiction | Biblioteca Pública José María del Castillo y Rada | Biblioteca Pública José María del Castillo y Rada | 04/15/2018 | Donación | 918.6162 / M177p | 430012252 | 05/16/2024 | Ej.1 | Books |